Vendégek Odesszából Közlekedési küldöttség megyénkben
Elmentve itt :
| Dokumentumtípus: | Cikk |
|---|---|
| Megjelent: |
1982-09-12
|
| Sorozat: | Délmagyarország
72 No. 214 |
| Kulcsszavak: | Odessza |
| Online Access: | http://dmarchiv.bibl.u-szeged.hu/112142 |
| LEADER | 00430nab a2200145 i 4500 | ||
|---|---|---|---|
| 001 | delm112142 | ||
| 005 | 20190621143605.0 | ||
| 008 | 190621s1982 hu o 0|| hun d | ||
| 040 | |a SZTE Délmagyarország Archívum |b hun | ||
| 041 | |a hun | ||
| 245 | 0 | 0 | |a Vendégek Odesszából |h [elektronikus dokumentum] : |b Közlekedési küldöttség megyénkben |
| 260 | |c 1982-09-12 | ||
| 300 | |a 3 | ||
| 490 | 0 | |a Délmagyarország |v 72 No. 214 | |
| 695 | |a Odessza | ||